| 000 | 06710cam a22020054i 4500 | ||
|---|---|---|---|
| 003 | PE-LiUPU | ||
| 005 | 20250813165850.0 | ||
| 008 | 150706s2010 ck a rb 000 0 spa d | ||
| 020 | _a9789586486576 | ||
| 035 | _a(Sirsi) i9789586486576 | ||
| 040 |
_aPE-LiUPU _bspa _cPE-LiUPU _erda |
||
| 049 | _aPRUA | ||
| 082 | 0 | 4 |
_a658.3 _bC93 _221 |
| 100 | 1 |
_aCuesta Santos, Armando, _eautor. |
|
| 245 | 1 | 0 |
_aGestión del talento humano y del conocimiento / _cArmando Cuesta Santos. |
| 264 | 1 |
_aBogotá : _bECOE, _c2010. |
|
| 300 |
_a448 páginas : _bilustraciones ; _c24 centímetros. |
||
| 336 |
_atext _2rdacontent |
||
| 337 |
_aunmediated _2rdamedia |
||
| 338 |
_avolume _2rdacarrier |
||
| 490 | 0 | _aCiencias Administrativas : Administrativas | |
| 504 | _aIncluye bibliografía. | ||
| 505 | 0 | _aGestión de recursos humanos (GRH) con enfoque estratégico -- Tecnología para el diagnóstico, proyección y control de gestión estratégica de la GRH -- Capital humano, capital intelectual y nuevas tecnologías de la información y las comunicaciones (NTIC) -- Planeación estratégica de RH y optimización del capital humano -- La organización del trabajo como base de la GRH -- Gestión por competencias y selección de personal -- Formación, organización que aprende y evaluación del desempeño -- Compensación laboral y motivación. | |
| 526 | _aP203 | ||
| 526 | _aP200 | ||
| 526 | _aSEG65 | ||
| 526 | _aSEG64 | ||
| 526 | _aSEG63 | ||
| 526 | _aSEG62 | ||
| 526 | _aSEG61 | ||
| 526 | _aSEG60 | ||
| 526 | _aSEG59 | ||
| 526 | _aSEG58 | ||
| 526 | _aSEG57 | ||
| 526 | _aSEG56 | ||
| 526 | _aSEG55 | ||
| 526 | _aSEG54 | ||
| 526 | _aSEG53 | ||
| 526 | _aSEG52 | ||
| 526 | _aSEG51 | ||
| 526 | _aSEG50 | ||
| 526 | _aSEG49 | ||
| 526 | _aSEG48 | ||
| 526 | _aSEG47 | ||
| 526 | _aSEG46 | ||
| 526 | _aSEG24 | ||
| 526 | _aSEG23 | ||
| 526 | _aSEG22 | ||
| 526 | _aSEG21 | ||
| 526 | _aSEG20 | ||
| 526 | _aSEG19 | ||
| 526 | _aSEG18 | ||
| 526 | _aSEG17 | ||
| 526 | _aSEG16 | ||
| 526 | _aSEG14 | ||
| 526 | _aSEG13 | ||
| 526 | _aSEG12 | ||
| 526 | _aSEG11 | ||
| 526 | _aSEG10 | ||
| 526 | _aSEG09 | ||
| 526 | _aSEG06 | ||
| 526 | _aSEG05 | ||
| 526 | _aSEG04 | ||
| 526 | _aSEG03 | ||
| 526 | _aSEG02 | ||
| 526 | _aSEG68 | ||
| 526 | _aSEG66 | ||
| 526 | _aSEG45 | ||
| 526 | _aSEG25 | ||
| 526 | _aSEG01 | ||
| 526 | _aP163 | ||
| 526 | _aP162 | ||
| 526 | _aP161 | ||
| 526 | _aP160 | ||
| 526 | _aP159 | ||
| 526 | _aP158 | ||
| 526 | _aP157 | ||
| 526 | _aP156 | ||
| 526 | _aP155 | ||
| 526 | _aP154 | ||
| 526 | _aP153 | ||
| 526 | _aP152 | ||
| 526 | _aP151 | ||
| 526 | _aP150 | ||
| 526 | _aP149 | ||
| 526 | _aP142 | ||
| 526 | _aP141 | ||
| 526 | _aP140 | ||
| 526 | _aP139 | ||
| 526 | _aP138 | ||
| 526 | _aP137 | ||
| 526 | _aP132 | ||
| 526 | _aP131 | ||
| 526 | _aP130 | ||
| 526 | _aP126 | ||
| 526 | _aP125 | ||
| 526 | _aP124 | ||
| 526 | _aP123 | ||
| 526 | _aP115 | ||
| 526 | _aP122 | ||
| 526 | _aP121 | ||
| 526 | _aP116 | ||
| 526 | _a P114 | ||
| 526 | _aP112 | ||
| 526 | _aP111 | ||
| 526 | _aP104 | ||
| 526 | _aP103 | ||
| 526 | _aP102 | ||
| 526 | _aP101 | ||
| 526 | _aP100 | ||
| 526 | _aP96 | ||
| 526 | _aP95 | ||
| 526 | _aP93 | ||
| 526 | _aP92 | ||
| 526 | _aP91 | ||
| 526 | _aP88 | ||
| 526 | _aP83 | ||
| 526 | _aP82 | ||
| 526 | _aP79 | ||
| 526 | _aP78 | ||
| 526 | _aP75 | ||
| 526 | _aP74 | ||
| 526 | _aP71 | ||
| 526 | _aP69 | ||
| 526 | _a P51 | ||
| 526 | _aP49 | ||
| 526 | _aP48 | ||
| 526 | _aP47 | ||
| 526 | _aP33 | ||
| 526 | _aP31 | ||
| 526 | _a P30 | ||
| 526 | _aP29 | ||
| 526 | _aP27 | ||
| 526 | _aP26 | ||
| 526 | _aP25 | ||
| 526 | _aP24 | ||
| 526 | _a P22 | ||
| 526 | _aP10 | ||
| 526 | _aP09 | ||
| 526 | _a P08 | ||
| 526 | _aP06 | ||
| 526 | _aP05 | ||
| 526 | _aP04 | ||
| 526 | _aP01 | ||
| 541 | _g045-0003849; | ||
| 541 | _g0001-0035616; | ||
| 541 | _g0001-0035616; | ||
| 541 | _g045-0004352; | ||
| 541 | _g001-000078; | ||
| 650 | 0 | 4 |
_aAdministración de personal _xPlanificación de recursos humanos. |
| 650 | 0 | 4 |
_aCompetencia administrativa _xSelección de personal. |
| 910 |
_agl _bjv _cng _d20120722 |
||
| 942 |
_2ddc _cBOOK |
||
| 949 |
_a658.3 C93 _wDEWEY _c1 _i65113 _lCCODEBUL1 _mBUL _p24.00 _r0 _sY _tBOOK _u2015-7-6 _xFCE _PP04 _o.STAFF. Colección General |
||
| 949 |
_a658.3 C93 _wDEWEY _c2 _i65194 _lCCODEBUL1 _mBUL _p41.00 _r0 _sY _tBOOK _u2015-7-6 _xFCE _PP08 _o.STAFF. Colección General |
||
| 949 |
_a658.3 C93 _wDEWEY _c3 _i65195 _lCCODEBUL1 _mBUL _p41.00 _r0 _sY _tBOOK _u2015-7-6 _xFCE _PP08 _o.STAFF. Colección General |
||
| 949 |
_a658.3 C93 _wDEWEY _c4 _i66068 _lCCODEBUL1 _mBUL _p33.00 _r0 _sY _tBOOK _u2015-7-6 _xFCE _PP04 _o.STAFF. Colección General |
||
| 949 |
_a658.3 C93 _wDEWEY _c5 _i68854 _lCCODEBUL1 _mBUL _p50.00 _r0 _sY _tBOOK _u2015-7-6 _xFCE _PP08 _o.STAFF. Colección General |
||
| 949 |
_a658.3 C93 _wDEWEY _c1 _iFJ00528 _lCCODEBUJ1 _mBUJ _p50.00 _r0 _sY _tBOOK _u2016-06-23 _xFCE _PP08 _o.STAFF. Colección General Juliaca |
||
| 994 |
_aC0 _bPEPRU |
||
| 596 | _a1 3 | ||
| 999 |
_a658.3 C93 _wDEWEY _c53764 _i65113 _d53764 _e2018-4-1 _f2021-11-8 _g6 _lCCODEBUL1 _mBUL _n7 _p24.00 _q2 _r0 _sY _tBOOK _u2015-7-6 _xFCE _PP04 _0COMPRA _o.STAFF. Colección General |
||
| 999 |
_a658.3 C93 _wDEWEY _c2 _i65194 _d2018-3-12 _e2017-10-10 _f2021-11-8 _g5 _lCCODEBUL1 _mBUL _n2 _p41.00 _r0 _sY _tBOOK _u2015-7-6 _xFCE _PP08 _0COMPRA _o.STAFF. Colección General |
||
| 999 |
_a658.3 C93 _wDEWEY _c3 _i65195 _d2019-8-29 _e2019-8-28 _f2019-12-11 _g5 _lDISCARD _mBUL _n9 _p41.00 _q3 _r1 _sY _tBOOK _u2015-7-6 _xFCE _PP08 _0COMPRA _o.STAFF. Colección General |
||
| 999 |
_a658.3 C93 _wDEWEY _c4 _i66068 _d2019-9-23 _e2019-9-23 _f2021-11-8 _g6 _lCCODEBUL1 _mBUL _n5 _p33.00 _r0 _sY _tBOOK _u2015-7-6 _xFCE _PP04 _0COMPRA _o.STAFF. Colección General |
||
| 999 |
_a658.3 C93 _wDEWEY _c5 _i68854 _d2018-4-26 _e2018-4-26 _f2019-12-11 _g5 _lCCODEBUL1 _mBUL _n5 _p50.00 _r0 _sY _tBOOK _u2015-7-6 _xFCE _PP08 _0COMPRA _o.STAFF. Colección General |
||
| 999 |
_a658.3 C93 _wDEWEY _c6 _i69912 _d2019-5-2 _e2019-4-25 _f2021-11-8 _g6 _lCCODEBUL1 _mBUL _n19 _p39.00 _q2 _r0 _sY _tBOOK _u2015-7-22 _xFCE _PP04 _0COMPRA _o.STAFF. Colección General |
||
| 999 |
_a658.3 C93 _wDEWEY _c1 _iFJ00528 _d2019-8-22 _e2018-5-31 _f2022-1-31 _g4 _lCCODEBUJ1 _mBUJ _n2 _p50.00 _q10 _r0 _sY _tBOOK _u2016-6-23 _xFCE _PP04 _0COMPRA _o.STAFF. Colección General Juliaca |
||
| 980 |
_81 _gALBERTO SANCHEZ Responsable de Automatización |
||